Ereignisse im Jahr 2022 - Statistiken

Allgemein
  • Dieses Quiz wurde 44 mal gespielt
  • Das Durchschnittsergebnis liegt bei 20 aus 47
Antwortstatistiken
Datum Ereignis Antwort % Korrekt
24. Februar Russland beginnt einen Angriffskrieg gegen die 🇺🇦. Ukraine
93%
13. Februar Er wird als dt. Bundespräsident wiedergewählt. Frank-Walter Steinmeier
90%
24. April Er wird als Präsident von Frankreich wiedergewählt. Emmanuel Macron
80%
18. Dezember 🇦🇷 gewinnt die Fußball-WM in Katar. Argentinien
75%
15. Mai Dieser Himmelskörper wird komplett vom Schatten der Erde bedeckt. Mond
73%
29. Dezember Diese bras. Fußball-Legende stirbt mit 82 Jahren an Krebs. Pelé
73%
8. September Diese brit. Monarchin stirbt mit 96 Jahren. Queen Elisabeth II.
73%
21. März Beim Absturz einer Boeing 737-800 sterben in 🇨🇳 alle 132 Menschen an Bord. China
70%
20. November Er konnte erfolgreich seinen Formel-1-WM-Titel aus dem Vorjahr verteidigen. Max Verstappen
70%
1. März Erstmals sind weniger als...... % der Deutschen Mitglied in der röm.-kathol. Kirche. 50
68%
15. November Die Weltbevölkerung überschreitet die Marke von..... Milliarden Menschen. 8
68%
28. Juli Er gibt das Ende seiner Formel-1-Karriere bekannt. Sebastian Vettel
68%
30. Oktober Präsidentschaftswahl in 🇧🇷. Brasilien
65%
31. Juli 🏴󠁧󠁢󠁥󠁮󠁧󠁿 gewinnt die 13. Fußball-EM der Frauen. England
65%
19. Juli In Deutschland wird die Werbung für den Abbruch der.......... straflos. Schwangerschaft
65%
10. Januar Die 1. erfolgreiche Transplantation eines Herzens von einem genetisch modifizierten ....... zu einem Menschen. Schwein
65%
30. August Der letzte Staatspräsident der Sowjetunion & Friedensnobelpreisträger stirbt mit 91 Jahren. Michail Gorbatschow
60%
11. April Bei Überschwemmungen in KwaZulu-Natal in 🇿🇦 kommen mehr als 400 Menschen ums Leben. Südafrika
55%
26. September Anschlag auf die Nord-Stream-........ Pipelines
50%
6. Oktober Massaker in einer Kindertagesstätte in 🇹🇭. 20 Kinder sterben. Thailand
50%
31. Oktober Feiertag in Gedenken an den Beginn der Erneuerungsbewegung der Kirche durch Martin Luther. Reformationstag
48%
1. März Vor 150 Jahren wurde dieser Nationalpark in den USA gegründet. Yellowstone-Nationalpark
45%
28. September Der amerik. "Gangsta’s Paradise" Rapper stirbt im Alter von 59 Jahren. Coolio
43%
20. Januar Österreich beschließt diese Pflicht für alle Erwachsenen. COVID-19-Impfpflicht
43%
7. September Neuer Impfstoff gegen diese Tropenkrankheit mit 80% Wirksamkeit. Malaria
43%
20. Januar Dieser "I’d Do Anything for Love" - Rocksänger stirbt mit 74 Jahren. Meat Loaf
40%
31. August KI-Kunst wird populär & beginnt Kunstpreise zu gewinnen. Diese werden mit „Text-zu-...... -Generierung“ erstellt. Bild
35%
5. November Der jüngere Bruder des Backstreet-Boys-Sängers Nick Carter stirbt mit nur 34 Jahren. Aaron Carter
33%
4. Februar 24. Olympische Winterspiele in Peking, auch genannt...... Beijing
33%
3. Juni Der Bundestag stimmt über ein 100 Mrd. € "Sondervermögen" für die.......... ab. Bundeswehr
33%
8. August Im Alter von 74 Jahren stirbt diese "Grease" - Darstellerin & vierfache Grammy-Preisträgerin. Olivia Newton-John
33%
23. Juni Die WHO erklärt den Ausbruch der........ zu einem internat. Gesundheitsnotfall. Affenpocken
30%
14. Juli Die Ex-Frau von Donald Trump verstirbt mit 73 Jahren. Ivana Trump
28%
28. Dezember 100. Geburtstag des, 4 Jahre zuvor verstorbenen, US-amerik. Comicautors. Stan Lee
23%
27. Mai 100. Geburtstag dieses ✝ brit. "Saruman" Schauspielers. Christopher Lee
20%
20. Juli 200. Geburtstag dieses ✝ "Vererbungslehre" Begründers, Mönch & Naturforschers. Johann Gregor Mendel
20%
9. Oktober Er wird neuer Bundespräsident von Österreich. Alexander Van der Bellen
15%
14. Oktober Der brit. "Hagrid" - Darsteller verstirbt mit 72 Jahren an Multiorganversagen. Robbie Coltrane
15%
25. November Die amerik. "Flashdance" - Sängerin verstirbt mit 63 Jahren. Irene Cara
13%
11. Dezember Eröffnung der Schnellfahrstrecke Wendlingen–....... Ulm
13%
23. November Das EU-Parlament erklärt Russland als staatl. Unterstützer des........ . Terrorismus
10%
3. April 100. Geburtstag dieser ✝ US-amerik. Schauspielerin, die 3 Jahre zuvor verstarb. Doris Day
5%
12. Juni Bei einem Fußballspiel in........wird ein 63-jähriger Schiedsrichter durch einen Spieler getötet. El Salvador
0%
4. Juli Der jap. "Yu-Gi-Oh" Erschaffer kommt beim Versuch ums Leben, eine Frau & deren Tochter vorm Ertrinken zu retten. Kazuki Takahashi
0%
3. Januar Dieser freie Online-Index, mit über 200 Mio. wissenschaftl. Dokumenten, wird gestartet. OpenAlex
0%
18. Februar Er stärkte Orkan in Europa seit 1987, namens......, richtet große Schäden an. Orkan Zeynep
0%
10. Dezember Er erhielt den "Turing Award" für die Erfindung des Ethernet. Robert Metcalfe
0%
Keine übereinstimmenden Quizze gefunden
Verteilung der Resultate
Anzahl Personen mit jedem Resultat
Perzentil nach korrekt beantworteten Fragen
Ihre Resultats-Entwicklung
Sie haben dieses Quiz noch nicht gespielt